000
00199nam a2200097Ia 4500
008
190216s9999||||xx |||||||||||||| ||und||
100
_a
Ian Fleming
245
0
_a
Dr. No
260
_b
Null
942
_c
BK
999
_c
12288
_d
12288